Archivwürdigkeit von Unterlagen
| Titel: | Archivwürdigkeit von Unterlagen : ein rechtlich abgestütztes Entscheidmodell ; Studie im Auftrag des Schweizerischen Bundesarchivs / Andreas Lienhard ; Fabian Amschwand. [KPM, Kompetenzzentrum für Public Management der Universität Bern] |
|---|---|
| Verfasser: | |
| Beteiligt: | |
| Veröffentlicht: | Bern : KPM-Verl., 2010 |
| Umfang: | IX, 112 S. : graph. Darst. ; 21 cm |
| Format: | Buch |
| Sprache: | Deutsch |
| Schriftenreihe/ mehrbändiges Werk: |
KPM-Schriftenreihe ; Nr. 37 |
| RVK-Notation: | |
| ISBN: | 9783906798363 |
alg: 22655314 001A $06000:02-09-10 001B $03036:30-01-19 $t15:09:08.000 001C $03046:24-09-12 $t09:04:08.000 001D $03046:24-09-12 001U $0utf8 001X $00 002@ $0Aau 003@ $0226553140 003O $0660150403 $aOCoLC 004A $A978-3-906798-36-3 $fkart. : sfr 30.00 (freier Pr.) 004E/01 $037 004K $09783906798363 006G $01002469163 006U $010,A35 $f20100512 007A $01002469163 $aDNB 007T $0ArchMa18010 010@ $ager 011@ $a2010 015@ $00 021A $aArchivwürdigkeit von Unterlagen $dein rechtlich abgestütztes Entscheidmodell ; Studie im Auftrag des Schweizerischen Bundesarchivs $hAndreas Lienhard ; Fabian Amschwand. [KPM, Kompetenzzentrum für Public Management der Universität Bern] 028A $7115011110 $8Lienhard, Andreas$Z1962- [Tp3] $9149276117 028B/01 $713899384X $8Amschwand, Fabian$Z1961- [Tp3] $9214910032 033A $pBern $nKPM-Verl. 034D $aIX, 112 S. 034I $a21 cm 034M $agraph. Darst. 036E $aKPM-Schriftenreihe $lNr. 37 036F $x237 $8KPM-Schriftenreihe $9186294344 $lNr. 37 037A $aLiteraturangaben 041A $#Berne $#Berne $#Berna $#Stadt Bern $#Bärn $#Arctopolis $#Berna Helvetiorum $#Einwohnergemeinde Bern $#Gemeinde Bern $#Berne $#Berna $74005762-8 $8Bern [Tgz] $9085007366 041A/01 $RVerwaltungsaufgaben $#öffentliche Aufgaben $#Staatliche Aufgaben $#Staatsaufgaben $#Staatsaufgabe $#Öffentliche Aufgabe $74077776-5 $8Öffentliche Aufgaben [Ts1] $9085220396 041A/02 $RAusgliederung $RFremdbezug $RMake or buy $RContracting-out $#Contracting out $#Outsourcing $#Outsourcing $#Funktionsbezogene Ausgliederung $#Funktionsausgliederung $74127582-2 $8Outsourcing [Ts1] $908543907X 045E $c350 $c020 045F $a352.3870949454 $eDDC22ger 045F/01 $a352.387 045F/03 $g49454 045G $a352.140949454 $eDDC22ger 045G/01 $a352.14 045G/03 $g49454 045Z $8ND 1430 [Tkv] $9410855448 lok: 22655314 59 exp: 22655314 59 1 #EPN 201B/01 $011-08-11 $t18:09:00.000 201C/01 $011-08-11 201U/01 $0utf8 203@/01 $0628132174 208@/01 $a11-08-11 $bz 209A/01 $aA 90.23 $ds $f106 $x00 209C/01 $aII 2011/285 209C/01 $anel1107 247C/01 $8358106-8Marburg, Bibliothek der Archivschule Marburg $910260097X lok: 22655314 68 exp: 22655314 68 1 #EPN 201B/01 $024-09-12 $t09:04:32.000 201C/01 $024-09-12 201U/01 $0utf8 203@/01 $0650156641 208@/01 $a24-09-12 $bz 209A/01 $aIII 1370 $ds $f001 $x00 209C/01 $a2032/2012 247C/01 $8628002-x Wiesbaden, Hessisches Hauptstaatsarchiv Wiesbaden, Bibliothek $9213729024 lok: 22655314 105 exp: 22655314 105 1 #EPN 201B/01 $030-01-19 $t15:09:08.000 201C/01 $030-01-19 201U/01 $0utf8 203@/01 $01042382271 208@/01 $a13-12-18 $be 209A/01 $a/ $f106 $x00 245Z/01 $a2.03. $bArchivwissenschaft und Archivtheorie / Archivrecht $x01 245Z/01 $a2.07. $bArchivwissenschaft und Archivtheorie / Bewertung und Übernahme $x02 245Z/01 $a4.12.01. $bArchivwesen Europas / Schweiz, Liechtenstein / Allgemeines $x03 247C/01 $8->Marburg, Bibliographie zum Archivwesen der Archivschule Marburg $939588196X
| LEADER | 00000cam a2200000 c 4500 | ||
|---|---|---|---|
| 001 | 226553140 | ||
| 003 | DE-603 | ||
| 005 | 20190130150908.0 | ||
| 007 | tu | ||
| 008 | 100902s2010 xx |||| | u00||u|ger | ||
| 015 | |a 10,A35 |2 dnb | ||
| 016 | 7 | |2 DE-101 |a 1002469163 | |
| 020 | |a 9783906798363 |c kart. : sfr 30.00 (freier Pr.) | ||
| 024 | 3 | |a 9783906798363 | |
| 028 | 5 | 2 | |a 37 |
| 035 | |a (DE-599)DNB1002469163 | ||
| 035 | |a (OCoLC)660150403 | ||
| 040 | |a DE-603 |b ger |c DE-603 |d DE-603 | ||
| 041 | |a ger | ||
| 082 | 0 | 4 | |8 1\u |a 352.3870949454 |q DE-101 |2 22/ger |
| 083 | 0 | |8 2\u |a 352.140949454 |q DE-101 |2 22/ger | |
| 084 | |a 350 |a 020 |q DE-101 |2 sdnb | ||
| 084 | |a ND 1430 |0 (DE-625)124821: |0 (DE-603)410855448 |2 rvk | ||
| 085 | |8 1\u |b 352.387 | ||
| 085 | |8 1\u |z 2 |s 49454 | ||
| 085 | |8 2\u |b 352.14 | ||
| 085 | |8 2\u |z 2 |s 49454 | ||
| 100 | 1 | |a Lienhard, Andreas |d 1962- |0 (DE-603)149276117 |0 (DE-588)115011110 |2 gnd | |
| 245 | 0 | 0 | |a Archivwürdigkeit von Unterlagen |b ein rechtlich abgestütztes Entscheidmodell ; Studie im Auftrag des Schweizerischen Bundesarchivs |c Andreas Lienhard ; Fabian Amschwand. [KPM, Kompetenzzentrum für Public Management der Universität Bern] |
| 264 | 1 | |a Bern |b KPM-Verl. |c 2010 | |
| 300 | |a IX, 112 S. |b graph. Darst. |c 21 cm | ||
| 490 | 1 | |a KPM-Schriftenreihe |v Nr. 37 | |
| 500 | |a Literaturangaben | ||
| 650 | 7 | |a Öffentliche Aufgaben |0 (DE-588)4077776-5 |0 (DE-603)085220396 |2 gnd | |
| 650 | 7 | |a Outsourcing |0 (DE-588)4127582-2 |0 (DE-603)08543907X |2 gnd | |
| 651 | 7 | |a Bern |0 (DE-588)4005762-8 |0 (DE-603)085007366 |2 gnd | |
| 700 | 1 | |a Amschwand, Fabian |d 1961- |0 (DE-603)214910032 |0 (DE-588)13899384X |2 gnd | |
| 810 | 2 | 2 | |a Universität Bern |b Kompetenzzentrum für Public Management |t KPM-Schriftenreihe |v Nr. 37 |w (DE-603)186294344 |w (DE-600)2129147-0 |9 237 |7 as |
| 924 | 0 | |9 Mb 106 |a (DE-603)628132174 |b DE-Mb106 |c HES |d c |g A 90.23 | |
| 924 | 0 | |9 Wi 1 |a (DE-603)650156641 |b DE-Wi1 |c HES |d d |g III 1370 | |
| 924 | 0 | |9 - |a (DE-603)1042382271 |b DE- |c HES |d d |g / | |